000 01052nam a2200229 a 4500
005 20151210094303.0
008 151210b2002 ck |||||r|||| 00| 0 spa d
040 _aCO-BoIAVH
_cCO-BoIAVH
041 0 _aspa
044 _ack
090 _aEA-
_b328
245 1 0 _aMetodología para el diseño de un módulo de educación ambiental para pobladores de alta montaña /
_cTextos: María Eugenia Pineda Hernández y Antonio Navarro Durán
260 _aQuindío :
_bCRQ :
_bCVC :
_bCORTOLIMA :
_bCORPOCALDAS :
_bUnidad Administrativa Especial del Sistema de Parques Nacionales Naturales,
_c2002.
300 _a20 páginas :
_bilustraciones, tablas ;
_c27 x 21 cm.
504 _aIncluye referencias bibliográficas (página 20).
650 6 _aEducación Ambiental
_vMetodología
_zColombia
650 4 _aEducación Ambiental
_xAlta montaña
_zColombia
650 4 _aAlta montaña
_xPobladores
_zColombia
700 1 _aPineda Hernández, María Eugenia
_eTextos
700 1 _aNavarro Durán, Antonio
_eTextos
942 _cFolleto
_2z
999 _c5664
_d5664